000 00603nam a2200217 i 4500
001 bg
100 1 _aHERCZEK, Aleksander
245 1 0 _aPłazy i gady Polski :
_batlas i klucz /
_cAleksander Herczek, Jacek Gorczyca.
260 _aKrzeszowice :
_b"Kubajak",
_c1999.
300 _a104 s. :
_bfot. kolor. ;
_c21 cm.
650 9 _aGady
_zPolska
650 9 _aPłazy
_zPolska
700 1 _aGORCZYCA, Jacek
020 _a8387971111
040 _cBPK
041 0 _apl
080 _a597.6/.9+598.1](438)(02.025.2)
920 _a83-87971-11-1
942 _cKS
008 s pl f |000 0 pol
999 _c38013
_d38013
856 _uhttp://koha.tu.koszalin.pl/cgi-bin/koha/opac-detail.pl?biblionumber=38013
_yKatalog online BPK